000 00397nam a22001577a 4500
005 20241217140608.0
008 241217b |||||||| |||| 00| 0 eng d
020 _a9780521292092
050 _aP325
_bKEM
100 _aKEMPSON,M RUTH
245 _aSEMANTIC THEORY
260 _aCAMBRIDGE
_bCAMBRIDGE UNIVERSITY PRESS
_cc1977
300 _axi,216p
500 _aincludes index
942 _2lcc
_cBK
_n0
999 _c2414
_d2414